000 00610nam a2200193 a 4500
005 20140310183319.0
008 060106s19uu xx 00 eng d
050 _aHD 69
_b.G394 1997
245 _aGetting results with Microsoft Office 97 :
_breal world solutions for the work you do. /
260 _bMicrosoft Corporation,
_c1997.
300 _a703 p. :
_bill. ;
_c25 cm.
521 _aIT
650 _aMicrosoft Office.
650 _aMicrosoft Windows (Computer file).
650 _aMicrosoft Office professional.
650 _aBusiness
_xComputer programs.
942 _cBK
_2lcc
_kFOR
999 _c21341
_d21341